| 000 | 00881nam a2200229Ia 4500 | ||
|---|---|---|---|
| 999 |
_c39710 _d39710 |
||
| 001 | 6315 | ||
| 003 | GE_BSU | ||
| 005 | 20191023154721.0 | ||
| 008 | 181216s1959||||ge |||||||||||||| ||geo|| | ||
| 040 | _cGE_BSU | ||
| 041 | _ageo | ||
| 080 | _a821.353.1-1 ბ-25 | ||
| 100 |
_aბარათაშვილი, ნიკოლოზ _94936 |
||
| 245 |
_aლექსები, პოემა / _cნიკოლოზ ბარათაშვილი ; რედ. ე. პოლოლიკაშვილი. |
||
| 250 | _a(მოსწავლის ბიბლიოთეკა) | ||
| 264 |
_aთბილისი : _bცოდნა ; _c1959. |
||
| 300 |
_a30 გვ. ; _c22 სმ. |
||
| 653 | _aლექსები | ||
| 653 | _aპოემა | ||
| 700 |
_aპოლოლიკაშვილი, ე. _eრედაქტორი _94959 |
||
| 942 |
_cBK _2udc |
||